| 000 | 00453cam a2200181ua 4500 | ||
|---|---|---|---|
| 001 | 5428 | ||
| 008 | 120903n ii |||gr||||Z||||||eng | ||
| 040 | _cMAIN | ||
| 082 | _a336 | ||
| 100 |
_aDe, Amitabha, _eEditor, |
||
| 245 | 1 | 1 |
_aPublic finance _cby Amitabha De |
| 250 | _a1st. | ||
| 260 |
_aKolkata: _bBhabani publishing concern. |
||
| 300 |
_a394p: _c15cm. |
||
| 653 | _aPublic finance | ||
| 700 |
_aChatterjee, Rabindranath, _eEditor, |
||
| 942 | _cBK | ||
| 999 |
_c4608 _d4608 |
||